Still I Rise - Statistics

General Stats
  • This quiz has been taken 6 times
  • The average score is 26 of 37
Answer Stats
Hint Answer % Correct
A But still, like air, I’ll {rise}.
100%
A But still, like dust, I'll {rise}.
100%
A Does it come as a {surprise}
100%
Does my haughtiness offend {you}?
100%
Does my sassiness upset {you}?
100%
Does my sexiness upset {you}?
100%
A I {rise}
100%
C Still I'll {rise}.
100%
You may shoot me with your {words},
100%
D Diggin’ in my own {backyard}.
75%
F I'm a black ocean, leaping and {wide},
75%
Just like moons and like {suns},
75%
E Out of the huts of history’s {shame}
75%
B Pumping in my living {room}.
75%
That I dance like I've got {diamonds}
75%
F Welling and swelling I bear in the {tide}.
75%
C With the certainty of {tides},
75%
A With your bitter, twisted {lies},
75%
You may trod me in the very {dirt}
75%
You may write me down in {history}
75%
A At the meeting of my {thighs}?
50%
A Bowed head and lowered {eyes}?
50%
H Bringing the gifts that my ancestors {gave},
50%
’Cause I laugh like I've got gold {mines}
50%
’Cause I walk like I've got oil {wells}
50%
Did you want to see me {broken}?
50%
D Don't you take it awful {hard}
50%
H I am the dream and the hope of the {slave}.
50%
G Into a daybreak that’s wondrously {clear}
50%
Just like hopes springing {high},
50%
G Leaving behind nights of terror and {fear}
50%
Shoulders falling down like {teardrops},
50%
E Up from a past that’s rooted in {pain}
50%
A Weakened by my soulful {cries}?
50%
B Why are you beset with {gloom}?
50%
A You may cut me with your {eyes},
50%
You may kill me with your {hatefulness},
50%
No matching quizzes found
Score Distribution
Percent of People with Each Score
Percentile by Number Answered
Your Score History
You have not taken this quiz